000 00431nam a2200181Ia 4500
005 20240823062546.0
008 240823s9999||||xx |||||||||||||| ||und||
041 _aENGLISH
082 _A658.8 N6
100 _a"Kotler,Philip"
245 0 _aMarketing Management
250 _a8th
260 _c1996
_b"P.H.I.,New Delhi"
500 _aTRANSFERED
650 _aManagement
_bManagement Studies
942 _cBK
999 _c236162
_d236162